[Event "Srpska Republic-chT 1st League"]
[Site "Banja Dvorovi"]
[Date "2018.08.09"]
[Round "6.3"]
[White "Cvijic, Nevenko"]
[Black "Lukic, Aleksandar"]
[Result "0-1"]
[WhiteElo "2104"]
[BlackElo "2095"]
[PlyCount "110"]
[EventDate "2018.08.04"]
[EventType "team-tourn"]
[EventRounds "9"]
[EventCountry "BIH"]
[SourceTitle "CBM 186 Extra"]
[Source "ChessBase"]
[SourceDate "2018.08.24"]
[SourceVersion "1"]
[SourceVersionDate "2018.08.24"]
[SourceQuality "1"]
[WhiteTeam "Teslic Mladost"]
[BlackTeam "Petrovo Ozren"]
[WhiteTeamCountry "BIH"]
[BlackTeamCountry "BIH"]

1. e4 e5 2. Nf3 Nc6 3. Bb5 a6 4. Ba4 Nf6 5. 0-0 Be7 6. Re1 b5 7. Bb3 0-0 8. c3 d6 9. h3 Bb7 10. d4 Re8 11. Ng5 Rf8 12. Nf3 h6 13. Nbd2 Re8 14. Nf1 exd4 15. cxd4 Bf8 16. Ng3 Na5 17. Bc2 c5 18. d5 g6 19. b3 Bg7 20. Bb2 Rc8 21. a4 b4 22. Nd2 Nd7 23. Bxg7 Kxg7 24. Bd3 Ne5 25. Bf1 Qf6 26. Rc1 h5 27. Be2 Rc7 28. Ngf1 Bc8 29. Ne3 Qg5 30. Rf1 Rce7 31. Kh2 h4 32. Kh1 Qf4 33. Bg4 Nd3 34. Bf3 Nxc1 35. Qxc1 Qf6 36. Nec4 Nxc4 37. Nxc4 Bxh3 38. Qe3 Bc8 39. Qe2 g5 40. Ne3 Qf4 41. Qd1 g4 42. Bxg4 Rxe4 43. Bxc8 Rxc8 44. Qa1+ f6 45. Qc1 Rh8 46. Qd1 Rhe8 47. Qd3 a5 48. Qb5 R8e7 49. Qd3 R4e5 50. Qa6 Rg5 51. Qe2 Ree5 52. Qb5 h3 53. Qd7+ Kh6 54. Rg1 Rxe3 55. fxe3 hxg2+ 0-1

[Event "Srpska Republic-chT 1st League"]
[Site "Banja Dvorovi"]
[Date "2017.08.19"]
[Round "8.3"]
[White "Marjanovic, Zlatko"]
[Black "Cvijic, Nevenko"]
[Result "0-1"]
[WhiteElo "1974"]
[BlackElo "2090"]
[PlyCount "84"]
[EventDate "2017.08.12"]
[EventType "team-tourn"]
[EventRounds "9"]
[EventCountry "BIH"]
[SourceTitle "EXT 2019"]
[Source "ChessBase"]
[SourceDate "2018.10.10"]
[SourceVersion "1"]
[SourceVersionDate "2018.10.10"]
[SourceQuality "1"]
[WhiteTeam "Petrovo Ozren"]
[BlackTeam "Teslic Mladost"]
[WhiteTeamCountry "BIH"]
[BlackTeamCountry "BIH"]

1. d4 Nf6 2. c4 g6 3. e4 Nxe4 4. Bd3 Nf6 5. Nc3 d5 6. Bg5 Bg7 7. Bxf6 Bxf6 8. cxd5 0-0 9. Nge2 c6 10. Be4 cxd5 11. Nxd5 Bg7 12. 0-0 Nc6 13. Rc1 e6 14. Ndf4 Nxd4 15. Nxd4 Bxd4 16. Qf3 Qf6 17. Rxc8 Raxc8 18. Qg4 Qg7 19. Bxb7 Rb8 20. Ba6 Rxb2 21. Bc4 Bxf2+ 22. Kh1 Qd4 23. Bxe6 fxe6 24. Qxe6+ Kh8 25. Ne2 Qg7 26. Ng3 Qf6 27. Qe4 Qf4 28. Qd3 Rd2 29. Qc3+ Qd4 30. Qa3 Qc5 31. Qb3 Re8 32. Qf7 Qe7 33. Rxf2 Rxf2 34. Qxf2 Qe1+ 35. Qf1 Qxf1+ 36. Nxf1 Re1 37. Kg1 Ra1 38. Kf2 Rxa2+ 39. Kf3 Kg7 40. Ne3 Ra3 41. Ke2 Rxe3+ 42. Kxe3 Kf6 0-1

[Event "Srpska Republic-chT 1st League"]
[Site "Banja Vrucica"]
[Date "2014.08.16"]
[Round "8.2"]
[White "Borojevic, Dragoljub"]
[Black "Cvijic, Nevenko"]
[Result "1-0"]
[WhiteElo "2265"]
[BlackElo "2148"]
[PlyCount "75"]
[EventDate "2014.08.09"]
[EventType "team-tourn"]
[EventRounds "9"]
[EventCountry "BIH"]
[SourceTitle "EXT 2016"]
[Source "ChessBase"]
[SourceDate "2015.10.08"]
[SourceVersion "1"]
[SourceVersionDate "2015.10.08"]
[SourceQuality "1"]
[WhiteTeam "Zvornik Drina"]
[BlackTeam "Teslic Mladost"]
[WhiteTeamCountry "BIH"]
[BlackTeamCountry "BIH"]

1. e4 c5 2. Nc3 Nc6 3. Bb5 Nd4 4. Bc4 e6 5. Nf3 Nf6 6. 0-0 d6 7. Re1 Be7 8. d3 e5 9. Nxd4 cxd4 10. Nd5 Nxd5 11. Bxd5 0-0 12. f4 Kh8 13. f5 Bg5 14. Rf1 Bxc1 15. Rxc1 Bd7 16. Qh5 Qf6 17. g4 g6 18. Qh6 Qg7 19. Qh4 g5 20. Qe1 Qf6 21. Kg2 Kg7 22. Bxb7 Rab8 23. Bd5 Rxb2 24. Bb3 Qd8 25. Ra1 Qc7 26. Qc1 Qc3 27. Qxg5+ Kh8 28. Qh6 Rg8 29. Qf6+ Rg7 30. Kh1 Qc7 31. h4 Bc6 32. h5 h6 33. g5 Kg8 34. gxh6 Rh7 35. Rg1+ Kf8 36. Rg7 Rxb3 37. Rxh7 Bxe4+ 38. Kg1 1-0

[Event "Srpska Republic-chT 1st League"]
[Site "Banja Vrucica"]
[Date "2011.08.09"]
[Round "4"]
[White "Bozic, Milan"]
[Black "Cvijic, Nevenko"]
[Result "1-0"]
[WhiteElo "2462"]
[BlackElo "2140"]
[PlyCount "87"]
[EventDate "2011.08.06"]
[EventType "team-tourn"]
[EventRounds "9"]
[EventCountry "BIH"]
[SourceTitle "EXT 2019"]
[Source "ChessBase"]
[SourceDate "2018.10.10"]
[SourceVersion "1"]
[SourceVersionDate "2018.10.10"]
[SourceQuality "1"]

1. e4 c5 2. Nf3 Nc6 3. Bb5 Qb6 4. Nc3 e6 5. 0-0 Nge7 6. d3 a6 7. Bxc6 Nxc6 8. Nd2 Qc7 9. a4 Rb8 10. f4 b5 11. axb5 axb5 12. Ne2 Be7 13. c3 0-0 14. Ng3 d6 15. Qh5 Bf6 16. Nf3 g6 17. Qh3 Bg7 18. Qh4 f5 19. Re1 b4 20. Bd2 Bf6 21. Qh3 Qg7 22. e5 Be7 23. exd6 Bxd6 24. Ne5 Bxe5 25. fxe5 f4 26. Ne4 Qxe5 27. Qh6 f3 28. gxf3 Rb7 29. Ra8 Rc7 30. Qh3 Qd5 31. Bh6 Rf5 32. f4 Nd8 33. Rb8 bxc3 34. bxc3 Nf7 35. Bg5 Kg7 36. Qh4 h6 37. Bf6+ Kh7 38. Qg3 Bb7 39. Ng5+ Rxg5 40. fxg5 Rd7 41. c4 Qc6 42. Qh3 h5 43. d4 Qc7 44. Qxe6 1-0

[Event "Srpska Republic-chT 1st League"]
[Site "Banja Vrucica"]
[Date "2011.08.07"]
[Round "2"]
[White "Podinic, Vladimir"]
[Black "Cvijic, Nevenko"]
[Result "1-0"]
[WhiteElo "2415"]
[BlackElo "2140"]
[PlyCount "127"]
[EventDate "2011.08.06"]
[EventType "team-tourn"]
[EventRounds "9"]
[EventCountry "BIH"]
[SourceTitle "EXT 2019"]
[Source "ChessBase"]
[SourceDate "2018.10.10"]
[SourceVersion "1"]
[SourceVersionDate "2018.10.10"]
[SourceQuality "1"]

1. e4 c5 2. c3 e6 3. d4 d5 4. e5 Nc6 5. Nf3 Bd7 6. Be2 cxd4 7. cxd4 Bb4+ 8. Nc3 Nge7 9. 0-0 Nf5 10. Bg5 f6 11. exf6 gxf6 12. Bf4 Qb6 13. Na4 Qa5 14. a3 Bd6 15. Bxd6 Nxd6 16. b4 Qd8 17. Re1 0-0 18. Bd3 b6 19. Rc1 Qe8 20. Nc3 Qh5 21. Ne2 Qh6 22. Ng3 f5 23. Ne5 Nxe5 24. dxe5 Ne8 25. Bxf5 Ng7 26. Bd3 Rac8 27. Rc2 Qh4 28. Rxc8 Rxc8 29. Qd2 Be8 30. f4 Bg6 31. Rf1 Bxd3 32. Qxd3 Rc4 33. f5 Qd4+ 34. Qxd4 Rxd4 35. f6 Nf5 36. Nxf5 exf5 37. Rxf5 Re4 38. Rg5+ Kf8 39. Kf2 a5 40. bxa5 bxa5 41. Kf3 h6 42. Rh5 Kf7 43. Rxh6 Rxe5 44. g4 d4 45. a4 d3 46. Rh7+ Kxf6 47. Rd7 Re2 48. Rxd3 Rxh2 49. Rd5 Rb2 50. Rxa5 Rb3+ 51. Kf4 Rb4+ 52. Kg3 Rb1 53. Rb5 Ra1 54. a5 Ra2 55. g5+ Kg6 56. Kf4 Ra1 57. Rb6+ Kf7 58. g6+ Kg7 59. a6 Ra5 60. Ke4 Rg5 61. Kd4 Kh6 62. Rc6 Rg1 63. Kc5 Rb1 64. a7 1-0

[Event "Srpska Republic-chT 1st League"]
[Site "Trebinje"]
[Date "2009.08.15"]
[Round "6"]
[White "Cvijic, Nevenko"]
[Black "Benderac, Srdjan"]
[Result "0-1"]
[WhiteElo "2164"]
[BlackElo "2373"]
[PlyCount "84"]
[EventDate "2009.08.10"]
[EventType "team-tourn"]
[EventRounds "9"]
[EventCountry "BIH"]
[SourceTitle "EXT 2019"]
[Source "ChessBase"]
[SourceDate "2018.10.10"]
[SourceVersion "1"]
[SourceVersionDate "2018.10.10"]
[SourceQuality "1"]

1. e4 c5 2. Nf3 d6 3. Bb5+ Bd7 4. Bxd7+ Nxd7 5. c4 Ngf6 6. Nc3 Ne5 7. 0-0 e6 8. d3 Be7 9. a3 Nfd7 10. Rb1 0-0 11. Ne1 Nc6 12. f4 Nd4 13. Nf3 f5 14. Ne2 Nxf3+ 15. Rxf3 Qc7 16. b3 Rae8 17. Ng3 g6 18. Bb2 Bf6 19. Bxf6 Nxf6 20. Qd2 h5 21. Re1 Qg7 22. Qc3 h4 23. Nf1 Ng4 24. Qxg7+ Kxg7 25. h3 Nh6 26. e5 dxe5 27. Rxe5 b6 28. Re2 Nf7 29. Rfe3 Kf6 30. Nd2 g5 31. Rf2 gxf4 32. Rxf4 Rh8 33. Nf3 Rd8 34. Kf2 e5 35. Rxh4 Rxh4 36. Nxh4 f4 37. Re2 Rxd3 38. Rb2 e4 39. Re2 Nd6 40. Ke1 Kg5 41. g3 Rxg3 42. Rd2 Kxh4 0-1

[Event "Banja Vrucica"]
[Site "Banja Vrucica"]
[Date "1987.??.??"]
[Round "4"]
[White "Cvijic, Nevenko"]
[Black "Illijin, Neboisa"]
[Result "0-1"]
[WhiteElo "2275"]
[BlackElo "2270"]
[PlyCount "98"]
[EventDate "1987.??.??"]
[EventType "tourn"]
[EventRounds "11"]
[EventCountry "YUG"]
[EventCategory "4"]
[SourceTitle "EXT 1997"]
[Source "ChessBase"]
[SourceDate "1996.11.15"]
[SourceVersion "1"]
[SourceVersionDate "1996.11.15"]
[SourceQuality "1"]

1. e4 c5 2. Nf3 e6 3. d4 cxd4 4. Nxd4 Nf6 5. Nc3 d6 6. Be2 a6 7. 0-0 Be7 8. Kh1 0-0 9. f4 Qc7 10. a4 b6 11. Bf3 Bb7 12. Qe1 Nc6 13. Be3 Rfe8 14. Qf2 Nd7 15. g4 Nxd4 16. Bxd4 e5 17. fxe5 dxe5 18. Be3 Bc5 19. Rad1 Bxe3 20. Qxe3 Nf8 21. Rd2 Rad8 22. Rfd1 Rxd2 23. Qxd2 Qc5 24. Nd5 Ne6 25. b4 Qc6 26. c3 h6 27. h4 Qxa4 28. Nxb6 Qb5 29. Nd5 Qc4 30. Ne3 Qc8 31. Nf5 Qa8 32. Nd6 Rd8 33. Qe3 Qb8 34. Nf5 Rxd1+ 35. Bxd1 Qd8 36. Bb3 Kh7 37. Kg2 Nf4+ 38. Kg3 Bc8 39. Nd4 Ng6 40. Nf3 Qd7 41. Nh2 Nf4 42. h5 Nxh5+ 43. Kf2 Nf4 44. Nf3 Qxg4 45. Nxe5 Qh4+ 46. Kf3 Qh3+ 47. Kf2 Qh2+ 48. Kf3 Qg2+ 49. Kxf4 g5# 0-1

[Event "Banja Vrucica"]
[Site "Banja Vrucica"]
[Date "1987.??.??"]
[Round "1"]
[White "Sarwinski, Miroslaw"]
[Black "Cvijic, Nevenko"]
[Result "1-0"]
[WhiteElo "2345"]
[BlackElo "2275"]
[PlyCount "42"]
[EventDate "1987.??.??"]
[EventType "tourn"]
[EventRounds "11"]
[EventCountry "YUG"]
[EventCategory "4"]
[SourceTitle "EXT 1997"]
[Source "ChessBase"]
[SourceDate "1996.11.15"]
[SourceVersion "1"]
[SourceVersionDate "1996.11.15"]
[SourceQuality "1"]

1. d4 Nf6 2. Nf3 g6 3. c4 d5 4. Nc3 Bg7 5. cxd5 Nxd5 6. e4 Nxc3 7. bxc3 c5 8. Rb1 0-0 9. Be2 Qa5 10. 0-0 Qxa2 11. Bg5 Qe6 12. e5 Rd8 13. Qa4 Qc6 14. Qb3 Be6 15. Qxb7 f6 16. Be3 Rd7 17. Qb2 Qc7 18. Bf4 Rd8 19. Bg3 Qc8 20. Qa3 Nd7 21. Ba6 Qc6 1-0